[Event "Skakligaen"]
[Site "Danmark"]
[Date "2019.02.24"]
[Round "7.1"]
[White "Persson, Tiger Hillarp"]
[Black "Teplyi, Igor"]
[Result "1/2-1/2"]
[WhiteElo "2558"]
[BlackElo "2417"]
[EventDate "2018.10.27"]
[EventType "team-tourn"]
[EventRounds "9"]
[EventCountry "Danmark"]
[WhiteTeam "Bronshoj"]
[BlackTeam "SK1968"]
[WhiteTeamCountry "DEN"]
[BlackTeamCountry "DEN"]
[WhiteFideId "1700812"]
[BlackFideId "1413767"]

1. c4 c5 2. Nf3 Nc6 3. b3 e5 4. Bb2 d6 5. g3 g6 6. Bg2 Bg7 7. O-O Nge7 8. Nc3 O-O 9. Ne1 Be6 10. Nd5 Rb8 11. f4 f5 12. d3 Kh8 13. Qd2 Bg8 14. e3 b5 15. Nxe7 Nxe7 16. cxb5 Rxb5 17. Nc2 Rb8 18. Na3 Nc8 19. fxe5 dxe5 20. Rac1 Qd6 21. Rfd1 Nb6 22. Qa5 Rfc8 23. Nb5 Qd7 24. Nxa7 Rc7 25. Nb5 Rcc8 26. Na7 Rc7 27. Nb5 Rcc8  1/2-1/2

[Event "Skakligaen"]
[Site "Danmark"]
[Date "2019.02.24"]
[Round "7.2"]
[White "Pedersen, Jan"]
[Black "Aabling Thomsen, Jakob"]
[Result "0-1"]
[WhiteElo "2383"]
[BlackElo "2369"]
[EventDate "2018.10.27"]
[EventType "team-tourn"]
[EventRounds "9"]
[EventCountry "Danmark"]
[WhiteTeam "SK1968"]
[BlackTeam "Bronshoj"]
[WhiteTeamCountry "DEN"]
[BlackTeamCountry "DEN"]
[WhiteFideId "1401963"]
[BlackFideId "1407589"]

1. e4 e5 2. Nc3 Nf6 3. g3 Bc5 4. Bg2 Nc6 5. Nge2 h5 6. h3 d6 7. Na4 h4 8. g4 Nh7 9. f4 exf4 10. Nxc5 f3 11. Bxf3 dxc5 12. d3 Ng5 13. Bg2 Ne5 14. Bxg5 Qxg5 15. Qd2 Qe7 16. b3 Bd7 17. O-O O-O-O 18. Qe3 Kb8 19. a4 Rh6 20. Rad1 Bc8 21. c3 Rb6 22. d4 Nc6 23. e5 cxd4 24. cxd4 f6 25. Bxc6 Rxc6 26. Rc1 Rxc1 27. Rxc1 fxe5 28. Qxe5 Qd7 29. Rc2 b6 30. d5 Re8 31. Qf4 Bb7 32. Nc3 Re1+ 33. Kf2 Re7 34. Qf8+ Bc8 35. Kg1 Qd6 36. Qf2 Ba6 37. Qxh4 Re3 38. Nb5 Bxb5 39. axb5 Qxd5 40. Qh8+ Kb7  0-1

[Event "Skakligaen"]
[Site "Danmark"]
[Date "2019.02.24"]
[Round "7.3"]
[White "Hoi, Carsten"]
[Black "Matthiesen, Martin"]
[Result "1/2-1/2"]
[WhiteElo "2359"]
[BlackElo "2251"]
[EventDate "2018.10.27"]
[EventType "team-tourn"]
[EventRounds "9"]
[EventCountry "Danmark"]
[WhiteTeam "Bronshoj"]
[BlackTeam "SK1968"]
[WhiteTeamCountry "DEN"]
[BlackTeamCountry "DEN"]
[WhiteFideId "1400100"]
[BlackFideId "1404067"]

1. Nf3 Nf6 2. c4 e6 3. d4 d5 4. Nc3 Be7 5. Bg5 Nbd7 6. e3 h6 7. Bh4 O-O 8. Rc1 c5 9. cxd5 Nxd5 10. Bg3 cxd4 11. exd4 Qa5 12. Bd3 Nxc3 13. bxc3 b6 14. O-O Ba6 15. c4 Rfd8 16. Qe2 Qh5 17. Rfd1 Rac8 18. h3  1/2-1/2

[Event "Skakligaen"]
[Site "Danmark"]
[Date "2019.02.24"]
[Round "7.4"]
[White "Rewitz, Poul"]
[Black "Palm, Nikolaj"]
[Result "0-1"]
[WhiteElo "2227"]
[BlackElo "2286"]
[EventDate "2018.10.27"]
[EventType "team-tourn"]
[EventRounds "9"]
[EventCountry "Danmark"]
[WhiteTeam "SK1968"]
[BlackTeam "Bronshoj"]
[WhiteTeamCountry "DEN"]
[BlackTeamCountry "DEN"]
[WhiteFideId "1401033"]
[BlackFideId "1402145"]

1. Nf3 d5 2. g3 Nf6 3. Bg2 e6 4. O-O Be7 5. b3 O-O 6. Bb2 b6 7. c4 Bb7 8. Ne5 c5 9. d4 Qc8 10. dxc5 Bxc5 11. Nc3 dxc4 12. Bxb7 Qxb7 13. bxc4 Nc6 14. Nd3 Be7 15. Qa4 Rfd8 16. Rfd1 Rac8 17. Rab1 Nd4 18. c5 bxc5 19. Ba3 Qa8 20. Rb2 Ne4 21. Nb5 Nxb5 22. Qxb5 Nc3 23. Qb3 Nxd1 24. Qxd1 Bf6 25. Rd2 c4 26. Nc5 Rxd2 27. Qxd2 Qd5  0-1

[Event "Skakligaen"]
[Site "Danmark"]
[Date "2019.02.24"]
[Round "7.5"]
[White "Greger, Roland Reinhard"]
[Black "Lindfeldt, Jan Magnus"]
[Result "0-1"]
[WhiteElo "2263"]
[BlackElo "2276"]
[EventDate "2018.10.27"]
[EventType "team-tourn"]
[EventRounds "9"]
[EventCountry "Danmark"]
[WhiteTeam "Bronshoj"]
[BlackTeam "SK1968"]
[WhiteTeamCountry "DEN"]
[BlackTeamCountry "DEN"]
[WhiteFideId "1401530"]
[BlackFideId "1402510"]

1. e4 e5 2. Nf3 Nc6 3. Bb5 a6 4. Bxc6 dxc6 5. d3 f6 6. Nbd2 Ne7 7. Nb3 Ng6 8. h4 h5 9. Be3 a5 10. a3 a4 11. Nc1 Bg4 12. Qd2 Qd7 13. Ne2 c5 14. Qc3 b6 15. Ng3 Bd6 16. O-O-O Ne7 17. Rde1 Nc6 18. Nf5 Nd4 19. Bxd4 cxd4 20. Qc4 Bf8 21. Nd2 b5 22. Qa2 c6 23. f3 Bxf5 24. exf5 Qxf5 25. f4 Bd6 26. Rhf1 Qd7 27. fxe5 Bxe5 28. Nf3 O-O-O 29. Nxe5 fxe5 30. Rf7 Qg4 31. Re4 Qg6 32. Rxe5 Rhe8 33. Rfe7 Rxe7 34. Rxe7 Rd5 35. Re1 Qxg2 36. b3 Qf2 37. Kd1 Qf3+ 38. Kd2 Qf4+ 39. Kd1 Qg4+ 40. Kd2 Qf4+ 41. Kd1 axb3 42. Qxb3 Qxh4 43. a4 Qg4+ 44. Kd2 Qf4+ 45. Kd1 Kb7 46. Qb4 Re5 47. axb5 Rxe1+ 48. Kxe1 Qc1+ 49. Kf2 Qxc2+ 50. Kg1 Qxd3 51. bxc6+ Kxc6 52. Qa4+ Kd6 53. Qb4+ Ke6 54. Qb6+ Kf7  0-1

[Event "Skakligaen"]
[Site "Danmark"]
[Date "2019.02.24"]
[Round "7.6"]
[White "Lauridsen, Jesper Morch"]
[Black "Skousen, Nikolai"]
[Result "1-0"]
[WhiteElo "2240"]
[BlackElo "2224"]
[EventDate "2018.10.27"]
[EventType "team-tourn"]
[EventRounds "9"]
[EventCountry "Danmark"]
[WhiteTeam "SK1968"]
[BlackTeam "Bronshoj"]
[WhiteTeamCountry "DEN"]
[BlackTeamCountry "DEN"]
[WhiteFideId "1401890"]
[BlackFideId "1401432"]

1. e4 c5 2. Nf3 g6 3. d4 cxd4 4. c3 Bg7 5. cxd4 d5 6. e5 Bg4 7. Bb5+ Nc6 8. Nc3 Rc8 9. h3 Bxf3 10. Qxf3 e6 11. O-O Nge7 12. Bg5 h6 13. Bxc6+ Rxc6 14. Bf6 Bxf6 15. Qxf6 O-O 16. Qf4 Nf5 17. g4 Qh4 18. Ne2 Ng7 19. Kg2 Rc2 20. Ng1 Kh7 21. Rac1 Rxb2 22. Rc7 Qg5 23. Qxg5 hxg5 24. Nf3 f6 25. exf6 Rxf6 26. Rc8 Nf5 27. gxf5 gxf5 28. Rfc1 f4 29. Ne5  1-0

[Event "Skakligaen"]
[Site "Danmark"]
[Date "2019.02.24"]
[Round "7.7"]
[White "Vasli, Aref"]
[Black "Hansen, Lars"]
[Result "1-0"]
[WhiteElo "2357"]
[BlackElo "2203"]
[EventDate "2018.10.27"]
[EventType "team-tourn"]
[EventRounds "9"]
[EventCountry "Danmark"]
[WhiteTeam "Bronshoj"]
[BlackTeam "SK1968"]
[WhiteTeamCountry "DEN"]
[BlackTeamCountry "DEN"]
[WhiteFideId "417521"]
[BlackFideId "1402528"]

1. e4 e6 2. d4 d5 3. Nc3 Nf6 4. Bg5 Be7 5. e5 Nfd7 6. h4 h6 7. Bxe7 Qxe7 8. Qd2 a6 9. Nce2 c5 10. c3 Nc6 11. Nf3 Nb6 12. Nf4 Bd7 13. Be2 O-O-O 14. dxc5 Qxc5 15. b4 Qe7 16. Qe3 Kc7 17. a4 d4 18. Nxd4 Nxd4 19. Qxd4 Bc6 20. Qe3 g5 21. a5 Nd7 22. hxg5 hxg5 23. Rxh8 Rxh8 24. Nh5 Bxg2 25. O-O-O Bc6 26. Qd4 Kb8 27. Kb2 Rc8 28. Nf6 Nxf6 29. exf6 Qc7 30. c4 Rh8 31. Rg1 Qf4 32. Qxf4+ gxf4 33. Rg7 f3 34. Bd3 Rh2 35. Rxf7 Rxf2+ 36. Kc3 Rh2 37. Rf8+ Kc7 38. f7  1-0

[Event "Skakligaen"]
[Site "Danmark"]
[Date "2019.02.24"]
[Round "7.8"]
[White "Ramsdal, Jens Albert"]
[Black "Andersen, Soren Mikkel"]
[Result "1/2-1/2"]
[WhiteElo "2235"]
[BlackElo "2166"]
[EventDate "2018.10.27"]
[EventType "team-tourn"]
[EventRounds "9"]
[EventCountry "Danmark"]
[WhiteTeam "SK1968"]
[BlackTeam "Bronshoj"]
[WhiteTeamCountry "DEN"]
[BlackTeamCountry "DEN"]
[WhiteFideId "1429221"]
[BlackFideId "1411918"]

1. e4 c5 2. Nf3 d6 3. Bb5+ Bd7 4. Bxd7+ Qxd7 5. c4 Nf6 6. Nc3 g6 7. d4 cxd4 8. Nxd4 Bg7 9. O-O Nc6 10. Nde2 O-O 11. f3 Rfc8 12. Be3 b6 13. Rc1 Qb7 14. b3 a6 15. Nd5 Nd7 16. Nd4 Bf8 17. f4 e6 18. Nc3 Nxd4 19. Qxd4 b5 20. f5 bxc4 21. fxe6 fxe6 22. bxc4 Qc6 23. e5 dxe5 24. Qd3 Nc5 25. Qc2 Bg7 26. Kh1 Rf8 27. Rfe1 Rad8 28. Bxc5 Qxc5 29. Ne4 Qc6 30. h3 Rd4 31. c5 Bh6 32. Rb1 Rfd8 33. Rb6 Qa4 34. Qxa4 Rxa4 35. Rxe6 Bg7 36. Re2 Rdd4 37. Ng5 h6 38. Re8+ Bf8 39. Nf3 Re4 40. Rc2 Rec4 41. Rd2 Kf7 42. Rdd8 Rc1+ 43. Kh2 Bxc5 44. Nxe5+ Kf6 45. Nd7+ Kf7 46. Ne5+ Kf6 47. Ng4+ Kf7 48. Ne5+ Kf6  1/2-1/2

[Event "Skakligaen"]
[Site "Danmark"]
[Date "2019.02.24"]
[Round "7.1"]
[White "Glud, Jakob Vang"]
[Black "Andersen, Mads"]
[Result "1-0"]
[WhiteElo "2551"]
[BlackElo "2599"]
[EventDate "2018.10.27"]
[EventType "team-tourn"]
[EventRounds "9"]
[EventCountry "Danmark"]
[WhiteTeam "Aarhus/Skolerne"]
[BlackTeam "Skanderborg"]
[WhiteTeamCountry "DEN"]
[BlackTeamCountry "DEN"]
[WhiteFideId "1407767"]
[BlackFideId "1413864"]

1. c4 c6 2. d4 d5 3. cxd5 cxd5 4. Nf3 Nf6 5. Nc3 Nc6 6. Bf4 Bf5 7. Qb3 Na5 8. Qa4+ Bd7 9. Qc2 e6 10. e3 Be7 11. Bd3 O-O 12. O-O Rc8 13. Ne5 Nc6 14. Qe2 Qb6 15. Rac1 Nxe5 16. Bxe5 Bc6 17. Rc2 Qd8 18. Rfc1 Qd7 19. Qf3 b5 20. Qe2 a6 21. Nb1 Ne4 22. Nd2 Nxd2 23. Qxd2 Qb7 24. Qd1 g6 25. Qf3 f6 26. Bg3 Qb6 27. Qg4 Kf7 28. h4 Rg8 29. h5 a5 30. Qh3 f5 31. Be5 Bf6 32. Bxf6 Kxf6 33. Qh4+ Kf7 34. Qf4 Bd7 35. Qh6 Rxc2 36. Qxh7+ Rg7 37. hxg6+ Kf6 38. Qh4+ Kxg6 39. Rxc2 Qd6 40. f4 Rh7 41. Qg5+ Kf7 42. Rc5 Qb8 43. Be2 Rg7 44. Bh5+ Kg8 45. Qf6 a4 46. Kf2 Qb6 47. Qe5 b4 48. Qc7 Qxc7 49. Rxc7 Bb5 50. Rxg7+ Kxg7 51. a3 Kf6 52. axb4 Ke7 53. Kg3 Kd6 54. Kh4 Kc7 55. Kg5 Kb6 56. Kf6 Bf1 57. Bd1 Kb5 58. Kxe6  1-0

[Event "Skakligaen"]
[Site "Danmark"]
[Date "2019.02.24"]
[Round "7.2"]
[White "Ochsner, Bjorn Moller"]
[Black "Hagen, Andreas Skytte"]
[Result "1-0"]
[WhiteElo "2483"]
[BlackElo "2367"]
[EventDate "2018.10.27"]
[EventType "team-tourn"]
[EventRounds "9"]
[EventCountry "Danmark"]
[WhiteTeam "Skanderborg"]
[BlackTeam "Aarhus/Skolerne"]
[WhiteTeamCountry "DEN"]
[BlackTeamCountry "DEN"]
[WhiteFideId "1416928"]
[BlackFideId "1407341"]

1. e4 c5 2. Nf3 d6 3. d4 cxd4 4. Nxd4 Nf6 5. Nc3 a6 6. h3 e6 7. g4 Be7 8. Bg2 Nfd7 9. Be3 Nc6 10. h4 Nde5 11. g5 O-O 12. Qe2 Nxd4 13. Bxd4 Nc6 14. Be3 Bd7 15. f4 Rc8 16. Qf2 b5 17. Bb6 Qe8 18. O-O-O b4 19. Ne2 a5 20. Kb1 a4 21. Rh3 f6 22. Qe3 Qf7 23. Rg3 Rfe8 24. gxf6 Qxf6 25. e5 Qf7 26. exd6 Bxh4 27. Rh3 Bf6 28. Be4 g6 29. Rdh1 Bg7 30. Rxh7 e5 31. Qd3 Qf6 32. Bxg6 Re6 33. f5 e4 34. Rxg7+ Kxg7 35. Qh3 Rxd6 36. Qh7+ Kf8 37. Bc5  1-0

[Event "Skakligaen"]
[Site "Danmark"]
[Date "2019.02.24"]
[Round "7.3"]
[White "Skytte, Rasmus"]
[Black "Bjerre, Jonas Buhl"]
[Result "1/2-1/2"]
[WhiteElo "2372"]
[BlackElo "2463"]
[EventDate "2018.10.27"]
[EventType "team-tourn"]
[EventRounds "9"]
[EventCountry "Danmark"]
[WhiteTeam "Aarhus/Skolerne"]
[BlackTeam "Skanderborg"]
[WhiteTeamCountry "DEN"]
[BlackTeamCountry "DEN"]
[WhiteFideId "1404210"]
[BlackFideId "1444948"]

1. e4 c5 2. c3 Nf6 3. e5 Nd5 4. d4 cxd4 5. Nf3 Nc6 6. cxd4 d6 7. Bc4 Nb6 8. Bb3 dxe5 9. d5 Na5 10. Nc3 f6 11. O-O Nxb3 12. Qxb3 e6 13. dxe6 Qd6 14. Nb5 Qc6 15. Nfd4 exd4 16. Re1 Bd6 17. Bd2 Be5 18. f4 a6 19. fxe5 axb5 20. exf6 gxf6 21. Qg3 Bxe6 22. Rxe6+ Qxe6 23. Re1 Qxe1+ 24. Qxe1+ Kf7 25. Qe4 Nc4  1/2-1/2

[Event "Skakligaen"]
[Site "Danmark"]
[Date "2019.02.24"]
[Round "7.4"]
[White "Boe Olsen, Filip"]
[Black "Sorensen, Jan"]
[Result "1-0"]
[WhiteElo "2423"]
[BlackElo "2393"]
[EventDate "2018.10.27"]
[EventType "team-tourn"]
[EventRounds "9"]
[EventCountry "Danmark"]
[WhiteTeam "Skanderborg"]
[BlackTeam "Aarhus/Skolerne"]
[WhiteTeamCountry "DEN"]
[BlackTeamCountry "DEN"]
[WhiteFideId "1440640"]
[BlackFideId "1400150"]

1. d4 Nf6 2. c4 e6 3. Nc3 Bb4 4. Qc2 d5 5. a3 Bxc3+ 6. Qxc3 c5 7. dxc5 d4 8. Qc2 e5 9. e4 a5 10. f4 Nc6 11. Nf3 Nd7 12. fxe5 Nxc5 13. Bg5 Qb6 14. Rd1 Bg4 15. Bh4 O-O 16. Bf2 Bxf3 17. gxf3 Nxe5 18. Bg2 Ne6 19. c5 Rac8 20. cxb6 Rxc2 21. O-O Nf4 22. Rxd4 Ne2+ 23. Kh1 Nxd4 24. Bxd4 Nd3 25. f4 Rd8 26. Bg1 Nxb2 27. e5 Nc4 28. Bxb7 Rb2 29. Bg2 Nxb6 30. f5 Nc4 31. e6 fxe6 32. fxe6 Re2 33. Rc1 Ne5 34. Bb6  1-0

[Event "Skakligaen"]
[Site "Danmark"]
[Date "2019.02.24"]
[Round "7.5"]
[White "Vinter Schou, Uffe"]
[Black "Pedersen, Nicolai Vesterbaek"]
[Result "1-0"]
[WhiteElo "2357"]
[BlackElo "2384"]
[EventDate "2018.10.27"]
[EventType "team-tourn"]
[EventRounds "9"]
[EventCountry "Danmark"]
[WhiteTeam "Aarhus/Skolerne"]
[BlackTeam "Skanderborg"]
[WhiteTeamCountry "DEN"]
[BlackTeamCountry "DEN"]
[WhiteFideId "1400568"]
[BlackFideId "1402340"]

1. e4 e6 2. d4 d5 3. e5 c5 4. c3 Qb6 5. Nf3 Nc6 6. Be2 Nh6 7. Bxh6 gxh6 8. Qd2 Bg7 9. O-O Bd7 10. Na3 O-O-O 11. Nc2 Rhf8 12. b4 cxd4 13. cxd4 f6 14. exf6 Rxf6 15. a4 Ne7 16. Ne3 Ng6 17. g3 Rxf3 18. Bxf3 Qxd4 19. Qxd4 Bxd4 20. Ra3 Kb8 21. Rd1 Ne5 22. Be2 Bb6 23. a5 Bc7 24. f4 Nc6 25. Nc2 Bd6 26. Rb3 Rc8 27. Bd3 e5 28. Bxh7 exf4 29. gxf4 Bxf4 30. Rbd3 Rh8 31. Rf1 Bc7 32. Bf5 Ne5 33. Rg3 Ba4 34. Nd4 Bd6 35. Ra1 Bc6 36. Rb1 h5 37. Rg7 Ng4 38. Rg6 Bxh2+ 39. Kg2 Be8 40. Re6 Bf4 41. Kf3 Bc7 42. Rbe1 Bf7 43. Re7 Nh6 44. Bh3 Bg6 45. a6 Rf8+ 46. Ke2 Rf4 47. Ne6 Re4+ 48. Kd1 Rxe1+ 49. Kxe1 Bg3+ 50. Ke2  1-0

[Event "Skakligaen"]
[Site "Danmark"]
[Date "2019.02.24"]
[Round "7.6"]
[White "Hansen, Mads"]
[Black "Christensen, Tobias"]
[Result "1-0"]
[WhiteElo "2413"]
[BlackElo "2351"]
[EventDate "2018.10.27"]
[EventType "team-tourn"]
[EventRounds "9"]
[EventCountry "Danmark"]
[WhiteTeam "Skanderborg"]
[BlackTeam "Aarhus/Skolerne"]
[WhiteTeamCountry "DEN"]
[BlackTeamCountry "DEN"]
[WhiteFideId "1401610"]
[BlackFideId "1400673"]

1. e4 c5 2. Nf3 d6 3. d4 cxd4 4. Nxd4 Nf6 5. Nc3 g6 6. Be3 Bg7 7. f3 O-O 8. Qd2 Nc6 9. O-O-O d5 10. Qe1 e6 11. h4 Qc7 12. Kb1 dxe4 13. fxe4 Ng4 14. Bg1 h5 15. Be2 f5 16. Bxg4 hxg4 17. h5 g5 18. h6 Bxd4 19. Nb5 Qh7 20. Nxd4 Bd7 21. exf5 Rae8 22. Rh5 exf5 23. Rxg5+ Kh8 24. Nxc6 Qxh6 25. Qc3+  1-0

[Event "Skakligaen"]
[Site "Danmark"]
[Date "2019.02.24"]
[Round "7.7"]
[White "Ochsner, Thomas"]
[Black "Brondt, Nicolai Kvist"]
[Result "0-1"]
[WhiteElo "2261"]
[BlackElo "2298"]
[EventDate "2018.10.27"]
[EventType "team-tourn"]
[EventRounds "9"]
[EventCountry "Danmark"]
[WhiteTeam "Aarhus/Skolerne"]
[BlackTeam "Skanderborg"]
[WhiteTeamCountry "DEN"]
[BlackTeamCountry "DEN"]
[WhiteFideId "1400711"]
[BlackFideId "1413848"]

1. e4 c5 2. Nf3 e6 3. c3 d5 4. exd5 Qxd5 5. d4 Nf6 6. Be3 cxd4 7. cxd4 Be7 8. Nc3 Qd8 9. Bd3 O-O 10. O-O b6 11. Qe2 Bb7 12. Rfe1 Nbd7 13. Bg5 Re8 14. Rad1 Nd5 15. Bd2 Nxc3 16. bxc3 Qc7 17. c4 Rac8 18. Rc1 Bd6 19. Ne5 Nxe5 20. dxe5 Bc5 21. Bg5 Be7 22. Bf4 Red8 23. Red1 Rd7 24. Qg4 Rcd8 25. Bf1 Rd4 26. Rxd4 Rxd4 27. Qg3 Qd8 28. Bh6 g6 29. Qb3 Bg5 30. Bxg5 Qxg5 31. Rd1 Rxd1 32. Qxd1 Qxe5 33. Qd8+ Kg7 34. Qe7 Qe4 35. Qa3 Qd4 36. Qxa7 Be4 37. Qa3 e5 38. h3 Bf5 39. Qb3 Be6 40. Qc2 h5 41. Qc1 Kh7 42. Qc2 Qa1 43. Qb3 Qd4 44. Qb4 Bf5 45. Qf8 Be6 46. Qb4 Kg7 47. a3 Bf5 48. Qe7 Qa1 49. Qd6 Be6 50. Qb4 Qc1 51. Qb5 Kh7 52. Qb4 e4 53. Qb3 Qe1 54. Qb4 Qxb4 55. axb4 Kg7 56. c5 bxc5 57. bxc5 Kf6 58. Bb5 Ke5 59. Bc6 h4 60. f3 e3 61. Be8 Bc4 62. f4+ Kxf4 63. c6 Kg3 64. Bxf7 Bxf7 65. c7 Be6  0-1

[Event "Skakligaen"]
[Site "Danmark"]
[Date "2019.02.24"]
[Round "7.8"]
[White "Andersen, Asger J"]
[Black "Sobjerg, Erik"]
[Result "0-1"]
[WhiteElo "1630"]
[BlackElo "2266"]
[EventDate "2018.10.27"]
[EventType "team-tourn"]
[EventRounds "9"]
[EventCountry "Danmark"]
[WhiteTeam "Skanderborg"]
[BlackTeam "Aarhus/Skolerne"]
[WhiteTeamCountry "DEN"]
[BlackTeamCountry "DEN"]
[WhiteFideId "1420119"]
[BlackFideId "1401866"]

1. e4 e5 2. Nf3 Nc6 3. Bb5 f5 4. Bxc6 bxc6 5. d3 fxe4 6. dxe4 Nf6 7. Bg5 Bc5 8. O-O Ba6 9. Re1 O-O 10. Nbd2 Qe8 11. Bxf6 Rxf6 12. c4 Bc8 13. a3 a5 14. Rb1 a4 15. b4 axb3 16. Rxb3 d6 17. Qa1 g5 18. Re2 Qh5 19. Kf1 g4 20. Ng1 Qxh2 21. Rg3 Qxg3  0-1

[Event "Skakligaen"]
[Site "Danmark"]
[Date "2019.02.24"]
[Round "7.1"]
[White "Rodgaard, John"]
[Black "Thybo, Jesper Sondergaard"]
[Result "0-1"]
[WhiteElo "2281"]
[BlackElo "2525"]
[EventDate "2018.10.27"]
[EventType "team-tourn"]
[EventRounds "9"]
[EventCountry "Danmark"]
[WhiteTeam "Evans"]
[BlackTeam "Jetsmark"]
[WhiteTeamCountry "DEN"]
[BlackTeamCountry "DEN"]
[WhiteFideId "7200013"]
[BlackFideId "1438832"]

1. c4 e5 2. Nc3 Nf6 3. Nf3 Nc6 4. e3 Bb4 5. Qc2 Bxc3 6. Qxc3 Qe7 7. a3 O-O 8. b4 d5 9. cxd5 Nxd5 10. Qc5 Qxc5 11. bxc5 e4 12. Ng5 Bf5 13. f3 exf3 14. gxf3 Rfe8 15. Kf2 h6 16. Nh3 Ne5 17. Ng1 Nd3+ 18. Bxd3 Bxd3 19. Bb2 Rad8 20. h4 Ba6 21. Rh2 Re6 22. Nh3 b6 23. e4 Ne7 24. d4 bxc5 25. d5 Rb6 26. Be5 Rd7 27. Rc1 f6 28. Ba1 c6 29. Rg2 cxd5 30. Rcg1 g6 31. Nf4 g5 32. Nh5 Kf7 33. e5 fxe5 34. hxg5 d4 35. Nf6 Rxf6 36. gxf6 Kxf6 37. Bb2 Rb7 38. Bc1 Rb3 39. Bxh6 Bb7 40. Bg5+ Ke6 41. Bxe7 Kxe7 42. Rg6 Rxf3+ 43. Ke1 Be4 44. Ra6 Kf7 45. Rg5 Bd3 46. Rc6 Re3+ 47. Kd2 c4 48. Rg2 Rf3 49. Ke1 Rf1+ 50. Kd2 e4  0-1

[Event "Skakligaen"]
[Site "Danmark"]
[Date "2019.02.24"]
[Round "7.2"]
[White "Rasmussen, Allan Stig"]
[Black "Kristensen, Leif Sogaard"]
[Result "1-0"]
[WhiteElo "2547"]
[BlackElo "2309"]
[EventDate "2018.10.27"]
[EventType "team-tourn"]
[EventRounds "9"]
[EventCountry "Danmark"]
[WhiteTeam "Jetsmark"]
[BlackTeam "Evans"]
[WhiteTeamCountry "DEN"]
[BlackTeamCountry "DEN"]
[WhiteFideId "1406000"]
[BlackFideId "1406809"]

1. d4 g6 2. Bf4 Bg7 3. e3 d6 4. Nf3 Nd7 5. h3 e5 6. Bh2 Ne7 7. Be2 O-O 8. O-O b6 9. a4 a5 10. Na3 Bb7 11. Nb5 Nd5 12. Qd2 e4 13. Ne1 f5 14. c4 Nb4 15. Rc1 Re8 16. Nc2 Na6 17. Rfd1 Bf8 18. b4 axb4 19. Nxb4 Kh8 20. Ra1 Nxb4 21. Qxb4 Nb8 22. c5 bxc5 23. Qb2 Na6 24. Nxd6 cxd6 25. Qxb7 Re7 26. Qd5 Bg7 27. Qxd6 Rd7 28. Qc6 Nb4 29. Qxc5 Nd5 30. Bb5 Rc8 31. Qa3 Ra7 32. Rac1 f4 33. Rxc8 Qxc8 34. Qc5  1-0

[Event "Skakligaen"]
[Site "Danmark"]
[Date "2019.02.24"]
[Round "7.4"]
[White "Thogersen, Rasmus"]
[Black "Kristensen, Bjarke Hautop"]
[Result "1-0"]
[WhiteElo "2298"]
[BlackElo "2223"]
[EventDate "2018.10.27"]
[EventType "team-tourn"]
[EventRounds "9"]
[EventCountry "Danmark"]
[WhiteTeam "Jetsmark"]
[BlackTeam "Evans"]
[WhiteTeamCountry "DEN"]
[BlackTeamCountry "DEN"]
[WhiteFideId "1431412"]
[BlackFideId "1437747"]

1. e4 c5 2. Nf3 Nc6 3. d4 cxd4 4. Nxd4 e5 5. Nb5 d6 6. c4 Be7 7. N5c3 f5 8. exf5 Bxf5 9. Bd3 Be6 10. Nd5 Nf6 11. Nbc3 O-O 12. O-O Rc8 13. f3 Nb4 14. Be3 Bxd5 15. cxd5 Kh8 16. Bb5 a6 17. Ba4 Rxc3 18. bxc3 Nbxd5 19. Bd2 Qc7 20. Rc1 b5 21. Bb3 Nb6 22. Qe2 d5 23. f4 Bc5+ 24. Kh1 Ne4 25. f5 Qe7 26. Be1 Qg5 27. Rd1 Rxf5 28. Bxd5 Rxf1+ 29. Qxf1 Nf6 30. Be6 g6 31. Bd2 Qh4 32. Be1 Qg5 33. g3 e4 34. Rd8+ Kg7 35. Qf4 Qxf4 36. gxf4 e3 37. Kg2 Ne4 38. Kf3 Nd6 39. Rg8+ Kf6 40. Bb3 Ndc4 41. Bxc4 bxc4 42. Ke4 Ke6 43. Re8+ Kf6 44. Rh8 h5 45. Rh7 Be7 46. Bh4+  1-0

[Event "Skakligaen"]
[Site "Danmark"]
[Date "2019.02.24"]
[Round "7.5"]
[White "Skaanning Pedersen, Kim Henrik"]
[Black "Rathlev, Jakob"]
[Result "1/2-1/2"]
[WhiteElo "2200"]
[BlackElo "2228"]
[EventDate "2018.10.27"]
[EventType "team-tourn"]
[EventRounds "9"]
[EventCountry "Danmark"]
[WhiteTeam "Evans"]
[BlackTeam "Jetsmark"]
[WhiteTeamCountry "DEN"]
[BlackTeamCountry "DEN"]
[WhiteFideId "1403699"]
[BlackFideId "1405284"]

1. Nf3 d5 2. c4 e6 3. b3 Nf6 4. g3 Be7 5. Bg2 O-O 6. O-O b6 7. Bb2 Bb7 8. e3 c5 9. cxd5 exd5 10. d4 Nc6 11. Qe2 Nb4 12. Nc3 Ba6 13. Nb5 Qe8 14. a4 Ne4 15. Rfc1 Nd6 16. Nxd6 Bxd6 17. Qd2 Nd3 18. Rd1 c4 19. bxc4 Nxb2 20. Qxb2 Bxc4 21. Nd2  1/2-1/2

[Event "Skakligaen"]
[Site "Danmark"]
[Date "2019.02.24"]
[Round "7.6"]
[White "Rosenkilde, Alexander"]
[Black "Skjoldager, Per"]
[Result "1-0"]
[WhiteElo "2253"]
[BlackElo "2049"]
[EventDate "2018.10.27"]
[EventType "team-tourn"]
[EventRounds "9"]
[EventCountry "Danmark"]
[WhiteTeam "Jetsmark"]
[BlackTeam "Evans"]
[WhiteTeamCountry "DEN"]
[BlackTeamCountry "DEN"]
[WhiteFideId "1408488"]
[BlackFideId "1408828"]

1. d4 Nf6 2. c4 e6 3. g3 d5 4. Bg2 b6 5. cxd5 exd5 6. Nc3 Bb7 7. Nf3 Nbd7 8. O-O Be7 9. Ne5 O-O 10. Qa4 Nb8 11. Rd1 Qe8 12. Qb3 c6 13. e4 dxe4 14. Nxe4 Nxe4 15. Bxe4 Bf6 16. Bf4 g5 17. Bd2 Nd7 18. Qf3 Bxe5 19. dxe5 f5 20. exf6 Nxf6 21. Bc2 h6 22. Bb4 Rf7 23. Re1 c5 24. Rxe8+ Rxe8 25. Qf5 cxb4 26. Bb3 Nd5 27. Bxd5  1-0

[Event "Skakligaen"]
[Site "Danmark"]
[Date "2019.02.24"]
[Round "7.7"]
[White "Firooznia, Farzam"]
[Black "Grubert, Christian"]
[Result "1-0"]
[WhiteElo "2104"]
[BlackElo "2161"]
[EventDate "2018.10.27"]
[EventType "team-tourn"]
[EventRounds "9"]
[EventCountry "Danmark"]
[WhiteTeam "Evans"]
[BlackTeam "Jetsmark"]
[WhiteTeamCountry "DEN"]
[BlackTeamCountry "DEN"]
[WhiteFideId "1439154"]
[BlackFideId "1406744"]

1. e4 c5 2. Nc3 g6 3. f4 Bg7 4. Nf3 Nc6 5. Bb5 Nd4 6. O-O e6 7. e5 a6 8. Bd3 d5 9. exd6 Qxd6 10. Ne4 Qe7 11. Ne5 Nf6 12. c3 Nf5 13. g4 Nxe4 14. Bxe4 Nd6 15. Qa4+ Bd7 16. Nxd7 Qxd7 17. Qxd7+ Kxd7 18. Bf3 Rad8 19. d3 Ke7 20. Be3 Rc8 21. Rad1 Rhd8 22. Rfe1 Rd7 23. Rd2 b6 24. Kf2 Rcd8 25. Red1 Nb5 26. a4 Nd4 27. Bxd4 cxd4 28. c4 Rb8 29. b4 Rc7 30. Ra2 Kd8 31. Rb1 Bf8 32. Bg2 Bd6 33. Kf3 Re7 34. Re2 f5 35. g5 Kd7 36. h4 h5 37. Rbb2 Ree8 38. Kg3 e5 39. fxe5 Bxe5+ 40. Kf2 Bf4 41. Bd5 Be3+ 42. Kf3 Re7 43. a5 Kc7 44. b5 axb5 45. a6 Kd8 46. Rxb5 Ra7 47. Bb7 Kc7 48. c5 bxc5 49. Rxc5+ Kd7 50. Rd5+ Ke6 51. Rxd4 Kd5 52. Ke4+  1-0